| 000 | 01208nam a22003377a 4500 | ||
|---|---|---|---|
| 003 | CHAP | ||
| 005 | 20220329143742.0 | ||
| 008 | 110606s1967 mx r 00010 spa d | ||
| 010 | _a101409 | ||
| 011 | _a102381 | ||
| 035 | _a113069 | ||
| 040 | _cCHAP | ||
| 090 | _aTesis | ||
| 100 | 1 |
_aGonzález Flores, Rafael. _948907 |
|
| 245 | 1 | 0 |
_aEstudio y proyecto de una presa de almacenamiento para riego en el Municipio de Soto la Marina, Estado de Tamaulipas _c/por Rafael González Flores |
| 260 |
_aMéxico, D.F. : _bEl autor, _c1967 |
||
| 300 |
_a97 h. : _bilus. |
||
| 502 | _aTesis (Ing. Municipal) -- SEP. Escuela de Ingeniería Municipal | ||
| 590 |
_aALEPH _b10 _c20130110 _lUCH01 _h1540 |
||
| 590 |
_aBATCH-UPD _b10 _c20130110 _lUCH01 _h1633 |
||
| 590 |
_aBATCH-UPD _b10 _c20130410 _lUCH01 _h1025 |
||
| 590 |
_aBATCH-UPD _b10 _c20130914 _lUCH01 _h1547 |
||
| 590 |
_aCONVERSION _b10 _c20130109 _lUCH01 _h1356 |
||
| 650 | 1 | 4 |
_aAgua de lluvia _xAlmacenamiento. _92413 |
| 650 | 1 | 4 |
_aAgua para irrigacion. _92430 |
| 650 | 1 | 4 |
_aPresas _xTamaulipas. _991506 |
| 650 | 1 | 4 |
_aProyectos _xDiseño. _992524 |
| 901 | _aBK | ||
| 942 | _cTESIS | ||
| 949 |
_aTesis _bBC _cTES _d33724002247785 _eTS1 _gDonaciØn _h52353 _i113069 _sb |
||
| 999 |
_c101409 _d101409 |
||